| 000 | 00879cam a2200289Ia 4500 | ||
|---|---|---|---|
| 003 | data | ||
| 005 | 20260322212043.0 | ||
| 008 | data | ||
| 010 | _a97068592 | ||
| 020 | _a1572941243 | ||
| 020 | _a9781572941243 | ||
| 040 |
_aFZU _cFZU _dVET |
||
| 050 | 4 |
_aBF698.9.O3 _bS56 1999 |
|
| 082 | 4 | _a158.7 | |
| 092 | _a158.7 Dob 1999 | ||
| 100 | 1 | _aDobson, Michael Singer. | |
| 245 | 1 | 0 |
_aExploring personality styles : _ba guide for better understanding yourself and your colleagues / _cMichael Singer Dobson. |
| 260 |
_aMission, KS : _bSkillPath Publications, _cc1999. |
||
| 300 |
_a100 p. ; _c22 cm. |
||
| 500 | _aIncludes bibliographical references (p. 99-100). | ||
| 650 | 0 | _aPersonality and occupation. | |
| 650 | 0 | _aPersonality assessment. | |
| 650 | 0 |
_aWork _xPsychological aspects. |
|
| 650 | 2 |
_aOccupational Groups _xpsychology. |
|
| 650 | 2 | _aPersonality. | |
| 001 | data | ||
| 999 |
_c1002 _d1002 |
||